Sự đột phá của khoa học thông tin trước thế kỷ XXI
Nội dung của sách đề cập đến sự mạng hóa thông tin trên phạm vi toàn cầu chủ yếu về nền văn hóa thông tin và văn hóa công nghệ của nhân loại trước ngưàng cửa của thê kỷ XXI. Sách còn đề cập đến những đột phá của nền văn minh Trung Hoa...
Spremljeno u:
| Glavni autor: | |
|---|---|
| Format: | Knjiga |
| Jezik: | Undetermined |
| Izdano: |
Hà Nội
Thông tin Khoa học xã hội
1998
|
| Teme: | |
| Oznake: |
Dodaj oznaku
Bez oznaka, Budi prvi tko označuje ovaj zapis!
|
| Thư viện lưu trữ: | Trung tâm Học liệu Trường Đại học Cần Thơ |
|---|
| LEADER | 01167nam a2200205Ia 4500 | ||
|---|---|---|---|
| 001 | CTU_23157 | ||
| 008 | 210402s9999 xx 000 0 und d | ||
| 020 | |b 20,000đ | ||
| 082 | |a 020 | ||
| 082 | |b H401 | ||
| 100 | |a Bùi, Biên Hòa | ||
| 245 | 0 | |a Sự đột phá của khoa học thông tin trước thế kỷ XXI | |
| 245 | 0 | |c Bùi Biên Hòa chủ biên, Trần Thanh Phương, Lê Thành Lân | |
| 260 | |a Hà Nội | ||
| 260 | |b Thông tin Khoa học xã hội | ||
| 260 | |c 1998 | ||
| 520 | |a Nội dung của sách đề cập đến sự mạng hóa thông tin trên phạm vi toàn cầu chủ yếu về nền văn hóa thông tin và văn hóa công nghệ của nhân loại trước ngưàng cửa của thê kỷ XXI. Sách còn đề cập đến những đột phá của nền văn minh Trung Hoa cổ vào không gian cũng như thời gian qua định vị thông tin vị trí của từng con người trong không gian | ||
| 650 | |a Information | ||
| 904 | |i Minh, 980722 | ||
| 980 | |a Trung tâm Học liệu Trường Đại học Cần Thơ | ||